Les différentes parties au sein d'une église - Statistiques

Statistiques générales
  • Ce quiz a été pris 152 fois
  • Le résultat moyen est 6 sur 12
Statistiques - réponses
Différentes parties d'une église Réponse % Correct
Partie comprise entre le portail et le chœur dans le sens longitudinal où se rassemblent les fidèles Nef
94%
Partie de l’église qui précède le maître-autel Choeur
73%
Où le culte est célébré. Point central de l’église où les chrétiens font mémoire de la Cène Autel
72%
Lieu de rencontre à l’extérieur devant la façade de l’église. Parvis
72%
(Réponse 3) transversale qui coupe la (Réponse 3) principale en lui donnant la forme d’une croix Transept
60%
Vasque située à la porte de l’église Bénitier
54%
Tribune élevée au milieu de la nef qui était le lieu de la prédication. Chaire
48%
Petite armoire verrouillée où l’on conserve les hosties consacrées lors de l’eucharistie et destinées à être portées aux malades Tabernacle
36%
Ouverture aménagée dans la façade ou les murs latéraux pour permettre l’accès au sanctuaire. Porte
31%
Emplacement surélevé qui a remplacé la chaire Ambon
13%
Partie de l’église qui se trouve à la tête de la nef, derrière le chœur. Lorsque cette partie est arrondie en hémicycle on parle d’ABSIDE. Chevet
8%
Vasque qui reçoit l’eau baptismale, signe de la vie nouvelle conférée au nouveau baptisé. Fonts baptismaux
7%
Aucun quiz correspondant
Distribution des résultats
% des personnes avec chaque résultat
Percentile par nombre de réponses
Votre historique - résultats
Vous n’avez pas pris ce quiz